Game of Thrones: All characters in 15 min (FR) - Statistics

General Stats
  • This quiz has been taken 1,432 times
  • The average score is 85 of 163
Answer Stats
% Correct
Arya Stark
98%
Tyrion Lannister
98%
Bran Stark
97%
Cersei Lannister
97%
Daenerys Targaryen
97%
Jon Snow
96%
Ned Stark
96%
Robb Stark
96%
Catelyn Stark
95%
Jaime Lannister
95%
Sansa Stark
95%
Saladhor Saan
93%
Rickon Stark
92%
Tywin Lannister
92%
Joffrey Baratheon
91%
Robert Baratheon
91%
Jon Omble (Grand Jon)
90%
Jon Omble (Petit Jon)
90%
Stannis Baratheon
89%
Tommen Baratheon
89%
Viserys Targaryen
89%
Myrcella Baratheon
87%
Drogo
85%
Jorah Mormont
85%
Petyr Baelish
85%
Renly Baratheon
85%
Theon Greyjoy
85%
Gregor Clegane
84%
Loras Tyrell
84%
Margaery Tyrell
84%
Olenna Tyrell
83%
Sandor Clegane
83%
Oberyn Martell
82%
Seigneur des Os
82%
Lancel Lannister
79%
Ramsay Bolton
79%
Varys
79%
Yara Greyjoy
78%
Benjen Stark
77%
Jeor Mormont
77%
Euron Greyjoy
76%
Rhaegar Targaryen
76%
Shireen Baratheon
76%
Kevan Lannister
75%
Brienne de Torth
74%
Mace Tyrell
74%
Balon Greyjoy
73%
Ellaria Sand
73%
Lysa Arryn
73%
Obara Sand
73%
Roose Bolton
73%
Melisandre
72%
Talisa Stark
72%
Nymeria Sand
71%
Petit Sam
71%
Tyene Sand
71%
Lyanna Stark
70%
Walder Frey
70%
Lyanna Mormont
69%
Missandei
69%
Thoros de Myr
68%
Aegon Targaryen
67%
Edmure Tully
67%
Selyse Baratheon
67%
Ygritt
67%
Brandon Stark
66%
Robin Arryn
66%
Doran Martell
65%
Davos Mervault
62%
Eddison Tallet
62%
Tormund
62%
Brynden Tully
61%
Trystan Martell
60%
Bronn
58%
Drogon
58%
Fantome
58%
Hodor
58%
Jon Arryn
58%
Samwell Tarly
58%
Elia Martell
57%
Gendry
57%
Nymeria
57%
Lady
56%
Viserion
56%
Eté
55%
Rickard Stark
55%
Joanna Lannister
54%
Mestre Pycelle
54%
Podrick Payne
54%
Shae
54%
Vère
54%
Dickon Tarly
53%
Mance Rayder
51%
Randyll Tarly
51%
Roi de la nuit
49%
Walda Bolton
49%
Mestre Aemon
48%
Rhaegal
48%
Jaqen H'Ghar
47%
Daario Naharis
46%
Jojen Reed
46%
Osha
46%
Vent Gris
46%
Meera Reed
44%
Baristan Selmy
43%
Brousaille
42%
Ver Gris
42%
Mestre Luwin
41%
Qyburn
41%
Beric Dondarrion
39%
Grand Moineau
39%
Tourte Chaude
39%
Rickard Karstark
38%
Ros
36%
Ilyn Payne
35%
Pypar
34%
Alys Karstark
33%
Craster
31%
Allister Thorne
30%
Grenn
30%
Olly
30%
Rodrik Cassel
30%
Meryn Trant
29%
Syrio Forel
26%
Jory Cassel
25%
Howland Reed
22%
Xaro Xhoan Daxos
21%
Matthos Mervault
20%
Corneille à trois yeux
19%
Myranda
16%
Ned Omble
16%
Wun Wun
16%
Yoren
16%
Arthur Dayne
14%
Illyrio Mopatis
14%
Mirri Maz Duur
14%
Locke
13%
Feuille
12%
Qhorin mi-main
12%
Yohn Royce
12%
Waif
11%
Hizdahr zo Loraq
10%
Lommy
9%
Mestre Cressen
8%
Orell
8%
Karl Tanner
7%
Khal Moro
7%
Kraznys mo Nakloz
7%
Père Ray
7%
Dontos Hollard
6%
Areo Hotah
5%
Janos Slint
5%
Mycah
5%
Mestre Ebrose
4%
Vardis Egen
4%
Harry Strickland
3%
Maggy la Grenouille
3%
Karsi
2%
Kinvara
2%
Mossador
2%
Shagga
2%
Tycho Nestoris
2%
Azor Ahai
1%
No matching quizzes found
Score Distribution
Percent of People with Each Score
Percentile by Number Answered
Your Score History
You have not taken this quiz